[Event "Vienna op"]
[Site "Vienna"]
[Date "2019.08.23"]
[Round "8"]
[White "Curien, Nicolas"]
[Black "Miedema, David"]
[Result "0-1"]
[WhiteElo "2259"]
[BlackElo "2371"]
[PlyCount "50"]
[EventDate "2019.08.17"]
[EventType "swiss"]
[EventRounds "9"]
[EventCountry "AUT"]
[SourceTitle "EXT 2020"]
[Source "ChessBase"]
[SourceDate "2019.10.17"]
[SourceVersion "1"]
[SourceVersionDate "2019.10.17"]
[SourceQuality "1"]

1. d4 d5 2. Bf4 Nf6 3. e3 c5 4. c3 Qb6 5. Qb3 c4 6. Qc2 g6 7. Nd2 Bf5 8. Qc1 Bg7 9. h3 0-0 10. Ngf3 Nc6 11. Be2 Rfc8 12. 0-0 Qd8 13. g4 Bd7 14. Ne5 Be6 15. b4 Nxe5 16. Bxe5 a5 17. Bxf6 exf6 18. b5 f5 19. Qd1 fxg4 20. hxg4 h5 21. e4 hxg4 22. f4 gxf3 23. Bxf3 Qg5+ 24. Kh1 Qh4+ 25. Kg1 Bh6 0-1

[Event "Vienna op"]
[Site "Vienna"]
[Date "2019.08.22"]
[Round "7"]
[White "Mesaros, Florian"]
[Black "Curien, Nicolas"]
[Result "1/2-1/2"]
[WhiteElo "2420"]
[BlackElo "2259"]
[PlyCount "81"]
[EventDate "2019.08.17"]
[EventType "swiss"]
[EventRounds "9"]
[EventCountry "AUT"]
[SourceTitle "EXT 2020"]
[Source "ChessBase"]
[SourceDate "2019.10.17"]
[SourceVersion "1"]
[SourceVersionDate "2019.10.17"]
[SourceQuality "1"]

1. d4 d5 2. c4 e6 3. Nc3 Bb4 4. a3 Bxc3+ 5. bxc3 Nf6 6. cxd5 exd5 7. e3 0-0 8. Bd3 c5 9. Ne2 b6 10. 0-0 Ba6 11. f3 Bxd3 12. Qxd3 Re8 13. Ng3 Nbd7 14. Bb2 Rc8 15. Rae1 Qc7 16. Rf2 Nf8 17. e4 cxd4 18. cxd4 Qc4 19. Qd1 dxe4 20. fxe4 Ng6 21. e5 Qe6 22. Rxf6 gxf6 23. d5 Qd7 24. Nh5 Qb5 25. Nxf6+ Kf8 26. Qd2 Rc4 27. d6 Nf4 28. Nxh7+ Kg7 29. d7 Kxh7 30. dxe8Q Qxe8 31. Rf1 Ng6 32. Qd5 Rc7 33. e6 Qxe6 34. Qh5+ Kg8 35. Qh6 f5 36. h4 Rh7 37. Qg5 Rxh4 38. Rd1 Kf7 39. Rc1 Ke8 40. Rd1 Kf7 41. Qc1 1/2-1/2

[Event "Zuerich op 42nd"]
[Site "Zuerich"]
[Date "2018.12.27"]
[Round "2"]
[White "Istratescu, Andrei"]
[Black "Curien, Nicolas"]
[Result "1-0"]
[WhiteElo "2564"]
[BlackElo "2209"]
[PlyCount "41"]
[EventDate "2018.12.26"]
[EventType "swiss"]
[EventRounds "7"]
[EventCountry "SUI"]
[SourceTitle "CBM 188 Extra"]
[Source "ChessBase"]
[SourceDate "2019.02.26"]
[SourceVersion "1"]
[SourceVersionDate "2019.02.26"]
[SourceQuality "1"]

1. d4 e6 2. Nf3 d5 3. c4 Nf6 4. Nc3 Bb4 5. cxd5 exd5 6. Bg5 h6 7. Bh4 g5 8. Bg3 Bf5 9. e3 c6 10. Bd3 Ne4 11. Bxe4 Bxe4 12. 0-0 Bf5 13. Qb3 Qe7 14. Na4 0-0 15. Nc5 Bxc5 16. dxc5 Qxc5 17. Qxb7 Qb6 18. Qe7 c5 19. Bd6 Nd7 20. Ne5 Rfe8 21. Qxf7+ 1-0

[Event "SUI-ch HT1 118th"]
[Site "Lenzerheide"]
[Date "2018.07.14"]
[Round "3"]
[White "Curien, Nicolas"]
[Black "Meier, Peter"]
[Result "1-0"]
[WhiteElo "2204"]
[BlackElo "2048"]
[PlyCount "95"]
[EventDate "2018.07.12"]
[EventType "swiss"]
[EventRounds "9"]
[EventCountry "SUI"]
[SourceTitle "EXT 2019"]
[Source "ChessBase"]
[SourceDate "2018.10.10"]
[SourceVersion "1"]
[SourceVersionDate "2018.10.10"]
[SourceQuality "1"]

1. d4 d5 2. Bf4 Nf6 3. Nc3 c6 4. e3 Bf5 5. Nf3 e6 6. Ne5 h6 7. Bd3 Bxd3 8. cxd3 Nbd7 9. 0-0 Nxe5 10. dxe5 Nd7 11. Bg3 Bc5 12. e4 Bd4 13. exd5 Bxc3 14. dxe6 Bxb2 15. Rb1 Bd4 16. exd7+ Qxd7 17. e6 fxe6 18. Qh5+ Qf7 19. Qxf7+ Kxf7 20. Rxb7+ Kf6 21. Bd6 Rhe8 22. Rc1 Rac8 23. Kf1 c5 24. Rb5 Red8 25. Bf4 e5 26. Bd2 Rb8 27. Rcb1 Rxb5 28. Rxb5 Rc8 29. Be3 Bxe3 30. fxe3 c4 31. Ke2 Rc6 32. dxc4 Rxc4 33. Ra5 Rc2+ 34. Kf3 Rc7 35. h4 g6 36. Ra6+ Kg7 37. Ke4 Rc4+ 38. Kxe5 Rxh4 39. Rxa7+ Kg8 40. Kf6 Re4 41. Rg7+ Kf8 42. Rxg6 h5 43. Rh6 Kg8 44. Rxh5 Rxe3 45. a4 Re2 46. a5 Rf2+ 47. Rf5 Ra2 48. g4 1-0

[Event "Ortisei Server24 op 4th"]
[Site "Ortisei"]
[Date "2018.06.20"]
[Round "5"]
[White "Kumar, Naman"]
[Black "Curien, Nicolas"]
[Result "0-1"]
[WhiteElo "2100"]
[BlackElo "2204"]
[PlyCount "48"]
[EventDate "2018.06.16"]
[EventType "tourn"]
[EventRounds "9"]
[EventCountry "ITA"]
[SourceTitle "CBM 185 Extra"]
[Source "ChessBase"]
[SourceDate "2018.07.29"]
[SourceVersion "1"]
[SourceVersionDate "2018.07.29"]
[SourceQuality "1"]

1. e4 e6 2. d4 d5 3. Nc3 Nf6 4. Bg5 dxe4 5. Nxe4 Be7 6. Bxf6 gxf6 7. Nf3 f5 8. Nc3 Qd6 9. Qd2 a6 10. 0-0-0 b5 11. Bd3 Bb7 12. Rhe1 Nd7 13. Qe2 Qf4+ 14. Qe3 Qxe3+ 15. fxe3 Rg8 16. Rd2 c5 17. dxc5 Nxc5 18. e4 b4 19. exf5 bxc3 20. Rde2 Bxf3 21. gxf3 cxb2+ 22. Kxb2 Rb8+ 23. Kc3 Na4+ 24. Kc4 Rb4# 0-1

[Event "SUI-ch 117th"]
[Site "Graechen"]
[Date "2017.07.18"]
[Round "6"]
[White "Curien, Nicolas"]
[Black "Arcuti, Davide"]
[Result "0-1"]
[WhiteElo "2218"]
[BlackElo "2342"]
[PlyCount "66"]
[EventDate "2017.07.13"]
[EventType "swiss"]
[EventRounds "9"]
[EventCountry "SUI"]
[SourceTitle "EXT 2019"]
[Source "ChessBase"]
[SourceDate "2018.10.10"]
[SourceVersion "1"]
[SourceVersionDate "2018.10.10"]
[SourceQuality "1"]

1. d4 Nf6 2. Nc3 d5 3. Bf4 Bf5 4. e3 e6 5. Nf3 h6 6. Bd3 Bxd3 7. cxd3 c6 8. 0-0 Nbd7 9. e4 Be7 10. a4 a5 11. e5 Nh7 12. Ne2 Nhf8 13. Be3 Ng6 14. Ng3 0-0 15. Nh5 Re8 16. h3 Bf8 17. Nh2 c5 18. Ng4 cxd4 19. Bxd4 Ne7 20. Bc3 b5 21. axb5 Qb6 22. Ra4 Qxb5 23. Rf4 Ng6 24. Rf3 d4 25. Bxd4 Ngxe5 26. Rg3 Ng6 27. Be3 Bd6 28. Nxg7 Kxg7 29. Bxh6+ Kh7 30. Rf3 f5 31. Qd2 fxg4 32. Rf7+ Kh8 33. Bg7+ Kg8 0-1

[Event "Basel op"]
[Site "Basel"]
[Date "2017.01.08"]
[Round "9"]
[White "Arcuti, Davide"]
[Black "Curien, Nicolas"]
[Result "1-0"]
[WhiteElo "2269"]
[BlackElo "2175"]
[PlyCount "81"]
[EventDate "2017.01.02"]
[EventType "swiss"]
[EventRounds "9"]
[EventCountry "SUI"]
[SourceTitle "EXT 2018"]
[Source "ChessBase"]
[SourceDate "2017.10.13"]
[SourceVersion "1"]
[SourceVersionDate "2017.10.13"]
[SourceQuality "1"]

1. d4 e6 2. c4 Bb4+ 3. Nd2 Nf6 4. Ngf3 0-0 5. e3 d5 6. a3 Be7 7. b4 a5 8. b5 c5 9. Bb2 Nbd7 10. Be2 b6 11. 0-0 Bb7 12. Rc1 Rc8 13. dxc5 Nxc5 14. Nd4 Nfe4 15. cxd5 Nxd2 16. Qxd2 Bxd5 17. Rfd1 Ne4 18. Qe1 Rxc1 19. Rxc1 Bc5 20. Bf3 Qg5 21. Nc6 Bd6 22. Qe2 Kh8 23. a4 Rc8 24. Bd4 Qh6 25. h3 Ng5 26. Bxd5 exd5 27. Qg4 f5 28. Qxf5 Rf8 29. Qg4 Ne4 30. Rc2 Nc5 31. Be5 Bxe5 32. Nxe5 Qf6 33. f4 Rd8 34. Qd1 Qf5 35. Rd2 Qe6 36. Rd4 g5 37. Qh5 Rf8 38. Qxg5 Ne4 39. Qh4 Rc8 40. Kh2 Rg8 41. Ng4 1-0

[Event "Basel op"]
[Site "Basel"]
[Date "2017.01.07"]
[Round "8"]
[White "Curien, Nicolas"]
[Black "Schneider, Jana"]
[Result "1-0"]
[WhiteElo "2175"]
[BlackElo "2274"]
[PlyCount "49"]
[EventDate "2017.01.02"]
[EventType "swiss"]
[EventRounds "9"]
[EventCountry "SUI"]
[SourceTitle "CBM 176 Extra"]
[Source "ChessBase"]
[SourceDate "2017.03.02"]
[SourceVersion "1"]
[SourceVersionDate "2017.03.02"]
[SourceQuality "1"]

1. d4 Nf6 2. Nc3 d5 3. Bf4 Bf5 4. e3 e6 5. Nf3 Bd6 6. Ne5 0-0 7. g4 Bxe5 8. dxe5 Nxg4 9. f3 Nh6 10. h4 f6 11. e4 dxe4 12. Qxd8 Rxd8 13. fxe4 Bg6 14. Bc4 Nc6 15. exf6 Nd4 16. 0-0-0 Ng4 17. Rxd4 Rxd4 18. Bxe6+ Kf8 19. fxg7+ Kxg7 20. Bxg4 Re8 21. Rg1 Kh8 22. Bxc7 Bxe4 23. Nxe4 Rdxe4 24. Ba5 h5 25. Bc3+ 1-0

[Event "Basel op"]
[Site "Basel"]
[Date "2017.01.07"]
[Round "7"]
[White "Lumsdon, Andrew"]
[Black "Curien, Nicolas"]
[Result "0-1"]
[WhiteElo "1994"]
[BlackElo "2175"]
[PlyCount "80"]
[EventDate "2017.01.02"]
[EventType "swiss"]
[EventRounds "9"]
[EventCountry "SUI"]
[SourceTitle "CBM 176 Extra"]
[Source "ChessBase"]
[SourceDate "2017.03.02"]
[SourceVersion "1"]
[SourceVersionDate "2017.03.02"]
[SourceQuality "1"]

1. e4 e6 2. Na3 d5 3. e5 Nh6 4. f4 Be7 5. Nf3 0-0 6. d4 c5 7. c3 Nc6 8. Nc2 f6 9. Bd3 cxd4 10. cxd4 Bd7 11. 0-0 Nf5 12. Bxf5 exf5 13. Qd3 Qb6 14. Bd2 fxe5 15. fxe5 f4 16. Bc3 Rac8 17. Qe2 Nd8 18. Rf2 Bg4 19. h3 Bf5 20. Nce1 Ne6 21. Qd2 g5 22. Nh2 h5 23. Qd1 Bg6 24. Qf3 Qb5 25. Rd1 Ng7 26. Nd3 Be4 27. Qe2 Qb6 28. h4 Bxd3 29. Rxd3 g4 30. Nxg4 hxg4 31. Qxg4 Qh6 32. Qd7 Qe6 33. Qxb7 Bxh4 34. Rf1 Rf7 35. Qb3 Bg3 36. Be1 Bxe1 37. Rxe1 Nf5 38. Rf1 Ne3 39. Re1 Rg7 40. Rd2 Qh3 0-1

[Event "Basel op"]
[Site "Basel"]
[Date "2017.01.04"]
[Round "4"]
[White "Curien, Nicolas"]
[Black "Brait, Wolfgang"]
[Result "1-0"]
[WhiteElo "2175"]
[BlackElo "1923"]
[PlyCount "61"]
[EventDate "2017.01.02"]
[EventType "swiss"]
[EventRounds "9"]
[EventCountry "SUI"]
[SourceTitle "CBM 176 Extra"]
[Source "ChessBase"]
[SourceDate "2017.03.02"]
[SourceVersion "1"]
[SourceVersionDate "2017.03.02"]
[SourceQuality "1"]

1. d4 d5 2. Bf4 Nf6 3. Nc3 e6 4. Nb5 Na6 5. a3 c6 6. Nc3 Bd6 7. e3 b6 8. Nf3 0-0 9. Ne5 Qc7 10. Bd3 Bb7 11. Qf3 Nd7 12. Qh3 f5 13. Nxd7 Qxd7 14. Ne2 c5 15. c3 Nc7 16. Bxd6 Qxd6 17. g4 g6 18. gxf5 exf5 19. Rg1 Qf6 20. Nf4 Ne6 21. Nxe6 Qxe6 22. 0-0-0 Rae8 23. Qh6 Re7 24. h4 Bc6 25. Qf4 Be8 26. h5 Rg7 27. hxg6 Bxg6 28. Rg5 Rgf7 29. Rdg1 Kh8 30. Rxg6 hxg6 31. Qh6+ 1-0

[Event "Basel op"]
[Site "Basel"]
[Date "2017.01.02"]
[Round "1"]
[White "Kevlishvili, Robby"]
[Black "Curien, Nicolas"]
[Result "1-0"]
[WhiteElo "2417"]
[BlackElo "2175"]
[PlyCount "77"]
[EventDate "2017.01.02"]
[EventType "swiss"]
[EventRounds "9"]
[EventCountry "SUI"]
[SourceTitle "CBM 176 Extra"]
[Source "ChessBase"]
[SourceDate "2017.03.02"]
[SourceVersion "1"]
[SourceVersionDate "2017.03.02"]
[SourceQuality "1"]

1. e4 e6 2. d4 d5 3. Nd2 Be7 4. Ngf3 Nf6 5. e5 Nfd7 6. Bd3 c5 7. c3 Nc6 8. 0-0 a5 9. a4 cxd4 10. cxd4 Nb4 11. Bb5 0-0 12. Nb1 f6 13. exf6 Nxf6 14. Nc3 Bd6 15. Re1 Qc7 16. h3 h6 17. Ne5 Bxe5 18. Rxe5 Bd7 19. Bf4 Qb6 20. Re2 Rac8 21. Be5 Bxb5 22. Nxb5 Rc6 23. Rc1 Rfc8 24. Rxc6 Qxc6 25. Bxf6 gxf6 26. Re1 Re8 27. Qh5 Re7 28. Qxh6 e5 29. Rc1 Rh7 30. Rxc6 Rxh6 31. Rc8+ Kg7 32. Rc7+ Kg6 33. Rxb7 Rh4 34. dxe5 fxe5 35. Rb6+ Kf5 36. Nd6+ Kg5 37. Nf7+ Kf5 38. g4+ Ke4 39. Kg2 1-0

[Event "Basel op"]
[Site "Basel"]
[Date "2016.01.04"]
[Round "5"]
[White "Curien, Nicolas"]
[Black "Stojanovic, Mihajlo"]
[Result "0-1"]
[WhiteElo "2199"]
[BlackElo "2507"]
[PlyCount "76"]
[EventDate "2016.01.01"]
[EventType "swiss"]
[EventRounds "7"]
[EventCountry "SUI"]
[SourceTitle "CBM 170 Extra"]
[Source "ChessBase"]
[SourceDate "2016.02.25"]
[SourceVersion "1"]
[SourceVersionDate "2016.02.25"]
[SourceQuality "1"]

1. d4 d5 2. Bf4 c5 3. e3 Nc6 4. c3 Nf6 5. Nd2 e6 6. Ngf3 Bd6 7. Bg3 0-0 8. Bd3 b6 9. 0-0 Bb7 10. Ne5 Qc7 11. f4 Ne7 12. Qf3 Nf5 13. Bf2 Be7 14. Ng4 Nxg4 15. Qxg4 Nd6 16. Bh4 f5 17. Qh3 Bxh4 18. Qxh4 a5 19. Nf3 h6 20. Ne5 Ba6 21. Bxa6 Rxa6 22. Rf3 Ne4 23. g4 cxd4 24. exd4 b5 25. a3 Rb6 26. Kh1 fxg4 27. Nxg4 Kh7 28. Ne5 b4 29. axb4 axb4 30. Qh5 Rf6 31. Ra8 Nd6 32. Rg3 bxc3 33. Rxc3 Qb7 34. Rca3 Rxb2 35. Qf3 Ne4 36. Ng4 Rb1+ 37. Kg2 Qb2+ 38. Kh3 Ng5+ 0-1

[Event "Basel op"]
[Site "Basel"]
[Date "2016.01.02"]
[Round "2"]
[White "Curien, Nicolas"]
[Black "Bellahcene, Bilel"]
[Result "0-1"]
[WhiteElo "2199"]
[BlackElo "2465"]
[PlyCount "66"]
[EventDate "2016.01.01"]
[EventType "swiss"]
[EventRounds "7"]
[EventCountry "SUI"]
[SourceTitle "CBM 170 Extra"]
[Source "ChessBase"]
[SourceDate "2016.02.25"]
[SourceVersion "1"]
[SourceVersionDate "2016.02.25"]
[SourceQuality "1"]

1. d4 d5 2. Bf4 Nf6 3. e3 g6 4. Be2 Bg7 5. h4 h6 6. Nc3 c6 7. Nf3 Qb6 8. a3 Bg4 9. 0-0 Nbd7 10. Rb1 0-0 11. Ne5 Bxe2 12. Nxe2 e6 13. Nxd7 Nxd7 14. h5 g5 15. Bd6 Rfe8 16. b4 Qd8 17. Bh2 f5 18. Nc1 e5 19. dxe5 Nxe5 20. Bxe5 Bxe5 21. Qd3 Qf6 22. Ne2 g4 23. f4 Bc7 24. Ng3 Rxe3 25. Qxf5 Rf8 26. Qxg4+ Kh8 27. Rbe1 Rg8 28. Qf5 Qd4 29. Kh1 Rexg3 30. Re7 R3g7 31. Re6 Rh7 32. Rfe1 Qxf4 33. Qh3 Qg3 0-1

[Event "Basel op"]
[Site "Basel"]
[Date "2015.01.01"]
[Round "1"]
[White "Curien, Nicolas"]
[Black "Naiditsch, Arkadij"]
[Result "0-1"]
[WhiteElo "2190"]
[BlackElo "2694"]
[PlyCount "46"]
[EventDate "2015.01.01"]
[EventType "swiss"]
[EventRounds "7"]
[EventCountry "SUI"]
[SourceTitle "CBM 164 Extra"]
[Source "ChessBase"]
[SourceDate "2015.03.02"]
[SourceVersion "1"]
[SourceVersionDate "2015.03.02"]
[SourceQuality "1"]

1. d4 Nf6 2. Bg5 d5 3. e3 c5 4. Bxf6 gxf6 5. dxc5 e6 6. Nf3 Bxc5 7. Be2 Nc6 8. 0-0 f5 9. c4 dxc4 10. Qxd8+ Kxd8 11. Bxc4 Ke7 12. Nc3 Bd7 13. e4 fxe4 14. Nxe4 Bb6 15. Rad1 Rhd8 16. Rfe1 Be8 17. a3 Nd4 18. Ne5 f6 19. Nd3 Rac8 20. Ba2 Nc2 21. Bxe6 Nxe1 22. Bxc8 Nxd3 23. Bxb7 Nxf2 0-1